000 00337nam a2200133 i 4500
001 bg
100 1 _aSIEKLUCKI, Karol.
245 0 _aGeometria z elementami topologii i algebry liniowej /
_cKarol Sieklucki.
260 _aWarszawa,
_c1974.
040 _cBPK
041 _apol
942 _cKS
008 s pl f |000 0 pol
999 _c15866
_d15866
856 _uhttp://koha.tu.koszalin.pl/cgi-bin/koha/opac-detail.pl?biblionumber=15866
_yKatalog online BPK